Foreign-Born Population: Russia Quiz Stats

Quiz Updated Feb 9, 2017

Challenge
Share
Tweet
Embed
Score 0/20 Timer 05:00
0 Plays Today
Foreign-Born Population Country % Correct
30,598China
95.6%
1,361United States
89.8%
230,558Ukraine
86.8%
69,472Kazakhstan
74.4%
5,351India
74.1%
2,864Latvia
72.9%
40,330Belarus
72.1%
52,918Georgia
71.7%
4,583Lithuania
70.8%
4,991Turkey
69.2%
Foreign-Born Population Country % Correct
70,871Uzbekistan
67.8%
6,417Turkmenistan
65.3%
8,221Afghanistan
61%
154,911Azerbaijan
60.9%
64,165Tajikistan
59.9%
136,841Armenia
58.7%
28,843Kyrgyzstan
57.1%
2,262Bulgaria
48.5%
50,988Moldova
48.2%
22,545Vietnam
34%

You're not logged in!

Compare scores with friends on all Sporcle quizzes.
Join for Free
OR
Log In

You Might Also Like...

Show Comments

Extras

Top Quizzes Today


Score Distribution

Your Account Isn't Verified!

In order to create a playlist on Sporcle, you need to verify the email address you used during registration. Go to your Sporcle Settings to finish the process.

Report this User

Report this user for behavior that violates our Community Guidelines.

Details: